Pierwiastki, których pierwsza litera nie zgadza się z symbolem - Statystyki

Ogólne statystyki
  • Ten quiz został rozwiązany 23 razy
  • Średni wynik to 14 z 30
Statystyki odpowiedzi
Symbol Pierwiastek % Poprawnych
O Tlen
90%
N Azot
86%
H Wodór
81%
Au Złoto
81%
Ag Srebro
76%
K Potas
71%
C Węgiel
67%
Zn Cynk
62%
P Fosfor
62%
Sn Cyna
57%
I Jod
57%
Pb Ołów
57%
Na Sód
57%
Ca Wapń
57%
Fe Żelazo
57%
Cu Miedź
52%
Al Glin
48%
Si Krzem
48%
Hg Rtęć
43%
Cd Kadm
38%
V Wanad
33%
Co Kobalt
24%
Xe Ksenon
24%
Sb Antymon
19%
Y Itr
19%
Cm Kiur
19%
Cn Kopernik
19%
Zr Cyrkon
10%
Yb Iterb
10%
Cf Kaliforn
10%
Nie znaleziono quizów pasujących do podanych kryteriów
Rozkład punktacji
Procent ludzi z każdym wynikiem
Percentyl według liczby udzielonych odpowiedzi
Twoja historia wyników
Nie rozwiązałeś tego quizu